[Event "ICS rated blitz match"]
[Site "207.99.83.227"]
[Date "1999.04.01"]
[Round "?"]
[White "Hossa"]
[Black "prometeus"]
[Result "1-0"]
[WhiteElo "2390"]
[BlackElo "2260"]
[Annotator "Fritz 5.32 (15s)"]
[PlyCount "63"]

1. e4 d6 2. d4 Nd7 3. Bg5 Ngf6 4. Nc3 e5 5. Bxf6 Qxf6 6. Nf3 $146 (6. Nd5 Qd8
7. Nf3 7... c6 $11) 6... c6 {Sichert b5} 7. Be2 Qd8 8. Qd2 Be7 9. dxe5 (9. Rg1
9... O-O $11) 9... dxe5 10. O-O Qc7 (10... O-O 11. Rfd1 $11) 11. Rad1 O-O 12.
Qe3 Re8 13. Bc4 (13. a3 13... Nf6 $11) 13... Nf8 (13... b5 14. Bd3 $11) 14. Ng5
Bxg5 15. Qxg5 Be6 16. Bd3 Ng6 17. Rd2 b5 (17... Nf4 18. Rb1 $11) 18. a4 a6 19.
Rfd1 Rad8 (19... Red8 20. g3 $11) 20. axb5 axb5 21. Ne2 h6 22. Qe3 Rd7 23. b3 {
Verwehrt dem Gegner c4} 23... Red8 24. Qf3 $17 (24. b4 24... Qd6 $15) 24... Rd6
$15 (24... c5 25. Nc3 Qa5 26. Nd5 (26. Nxb5 $2 {ist falsch} 26... Nf4 $19)
26... Bxd5 27. exd5 Rxd5 28. h4 Nxh4 29. Qe3 $19) 25. b4 25... Bc4 $11 (25...
Qe7 26. Qg3 $15) 26. Qe3 Qd7 (26... R8d7 27. Bxc4 bxc4 28. h3 $11) 27. Ng3
27... Nf4 $16 (27... Be6 $5 $11 $142 {bedarf naeherer Analyse}) 28. Nf5 28...
Rxd3 $18 (28... Bxd3 $5 $142 29. Nxd6 Qxd6 30. cxd3 30... Qxb4 $14) 29. cxd3
29... Bxd3 $4 {der starke Druck provoziert weitere Fehler} (29... Be6 $142 30.
d4 Bxf5 31. dxe5 Nd5 32. exd5 cxd5 33. Rxd5 Qxd5 34. Rxd5 34... Rxd5 $18) 30.
g3 Nh3+ (30... Ne6 {hilft auch nicht mehr} 31. Rxd3 Qe8 32. Rxd8 Nxd8 33. Qc5
$18) 31. Kg2 g6 (31... Nxf2 {wuerde die Partie noch etwas verlaengern} 32. Kxf2
Qe6 33. Rxd3 Rxd3 34. Qxd3 34... Kh7 $18) 32. Rxd3 (32. Rxd3 Qxd3 33. Rxd3 Rxd3
34. Qxd3 gxf5 35. Kxh3 $18) 1-0

[Event "ICS rated blitz match"]
[Site "207.99.83.227"]
[Date "1999.04.01"]
[Round "?"]
[White "xroniko"]
[Black "Hossa"]
[Result "1/2-1/2"]
[WhiteElo "2048"]
[BlackElo "2400"]
[Annotator "Fritz 5.32 (15s)"]
[PlyCount "92"]

1. e4 e5 2. Nf3 Nc6 3. Bb5 a6 4. Ba4 Nf6 5. O-O Be7 6. Re1 b5 7. Bb3 d6 8. c3
O-O 9. h3 Bb7 10. d4 exd4 11. cxd4 d5 12. e5 Ne4 13. Bc2 $11 (13. Nbd2 Nb4 14.
Nf1 c5 15. a3 Nc6 16. Ne3 c4 17. Bc2 f5 18. exf6 Nxf6 19. Ng5 Bc8 20. Nf5 Ra7
21. Ne6 Bxe6 22. Rxe6 Qd7 23. Qe2 Ne4 24. Qg4 Rxf5 25. Rxc6 Qxc6 26. Qxf5 Bf6
27. Be3 27... g6 {
Zagrebelny,S-Glashev,Y/Petrov mem, St Petersburg RUS 1998/1-0 (48)}) (13. Nc3
$5 13... Na5 14. Bc2 $14) 13... Nb4 14. Nbd2 $15 (14. Nfd2 Nxd2 15. Nxd2 15...
c5 $11) 14... Nxc2 15. Qxc2 Rc8 16. Nb3 c5 17. dxc5 Bxc5 18. Nxc5 Rxc5 19. Qd3
Qc7 20. Nd4 $15 (20. Be3 20... Rc4 $11) 20... Qxe5 21. f3 Rc4 22. Nb3 Qg3 23.
Be3 Ng5 24. Bxg5 Qxg5 25. Na5 Rc7 26. Rad1 $17 {
Der isolierte Bauer d5 geraet unter Druck} (26. Nxb7 Rxb7 27. Re3 27... Rd7 $15
) 26... Ba8 27. Qd4 $2 $19 (27. Nb3 $17 $142) 27... Rc2 {Droht Matt: Qxg2} 28.
Qg4 28... Qxg4 {Mit der Mattdrohung Qxg2} 29. hxg4 Rxb2 30. a3 Ra2 31. Rd3 f5 (
31... Rc8 32. Re7 $19) 32. gxf5 Rxf5 33. Re8+ Rf8 34. Re7 (34. Re6 Kf7 35. Rxa6
35... Rc8 $17) 34... g5 $15 (34... Rb8 $19 $142 {
mit klarem Vorteil fuer Schwarz}) 35. Rc3 35... h6 $11 (35... Ra1+ 36. Kh2 $15)
36. Rcc7 {Droht Matt} 36... Rb8 (36... Rxa3 $4 {
den sollte Schwarz lieber stehen lassen} 37. Rg7+ Kh8 38. Rh7+ Kg8 39. Rcg7#)
37. Rg7+ Kf8 38. Rh7 {Es droht Matt} 38... Ra1+ 39. Kh2 Kg8 40. Rhg7+ $11 (40.
Nb3 40... Re1 $14 (40... Rxa3 $4 {der Bauer ist nicht zu nehmen} 41. Rcg7+ Kf8
42. Nc5 Rc8 43. Ne6+ Ke8 44. Re7#)) 40... Kf8 41. Rh7 {Droht Matt} 41... Kg8
42. Rhg7+ Kf8 43. Rh7 {Es droht Matt} 43... Kg8 44. Rhg7+ Kf8 45. Rh7 {
Mit der Mattdrohung Rh8} 45... Kg8 46. Rhg7+ Kf8 1/2-1/2

[Event "ICS rated blitz match"]
[Site "207.99.83.227"]
[Date "1999.04.01"]
[Round "?"]
[White "prometeus"]
[Black "Hossa"]
[Result "0-1"]
[WhiteElo "2236"]
[BlackElo "2398"]
[Annotator "Fritz 5.32 (15s)"]
[PlyCount "68"]

1. e4 e5 2. Nf3 Nc6 3. Nc3 Bb4 4. d3 (4. Nd5 Ba5 5. c3 Nf6 6. b4 Bb6 7. Nxb6
axb6 8. b5 Ne7 9. Nxe5 d6 10. Nf3 Nxe4 11. Qc2 Nc5 12. d4 Bf5 13. Qd1 Ne4 14.
Qb3 O-O 15. Be2 Be6 16. Qc2 f5 17. Ng5 Nxg5 18. Bxg5 18... h6 {
Varas,C-Lobos,M/ch-CHI, Vina del Mar 1997/ - (42)}) 4... Nge7 $146 (4... Nf6 5.
Bd2 h6 (5... d6 6. Be2 Be6 7. O-O Qe7 8. a3 Bxc3 9. Bxc3 O-O-O 10. d4 exd4 11.
Bxd4 Nxe4 12. Bxg7 Rhg8 13. Bh6 Bh3 14. Re1 Rxg2+ 15. Kh1 15... Nxf2# {
0-1 Wonneberger,K-Wegerle,J/2, DEM U11 Wilhelmshafen 1995 (15)}) 6. Be2 d6 7.
a3 Bc5 8. h3 a6 9. Be3 Nd7 10. Qd2 Bxe3 11. Qxe3 Nc5 12. b4 Ne6 13. Nd5 Ncd4
14. Nxd4 Nxd4 15. Qd2 Bd7 16. Nc3 f5 17. exf5 Bxf5 18. Nd5 c6 19. Ne3 {
Schulz,S-Seidel,S/6, DEM U13 Lingen 1995/0-1 (34)}) (4... Bxc3+ 5. bxc3 d6 6.
Be2 Nge7 7. c4 O-O 8. O-O f5 9. Bd2 fxe4 10. dxe4 Ng6 11. Qc1 Bg4 12. Qd1 Bxf3
13. Bxf3 Nd4 14. Bh5 Nf4 15. Bg4 Nc6 16. Be3 Qe7 17. f3 Kh8 18. Bxf4 exf4 19.
Qd2 {Seebeck,S-Kleinknecht,M/Osnabrueck 1994/0-1 (40)}) 5. Bd2 d6 6. Be2 O-O 7.
O-O Bd7 8. h3 {Kontrolliert g4} 8... Bxc3 (8... a6 9. a3 Bc5 10. Re1 $11) 9.
Bxc3 f5 10. Nh2 (10. Qd2 10... Ng6 $11) 10... Ng6 11. Bd2 fxe4 12. dxe4 Qh4 13.
Nf3 $15 (13. Bg4 Bxg4 14. Nxg4 14... Rf7 $11) 13... Qxe4 14. Bd3 Qd5 15. b3
15... Kh8 $11 (15... b5 16. a4 16... a6 $11) 16. Bxg6 $15 (16. Ng5 $5 16... Qg8
17. Bxg6 hxg6 18. Qe1 $14) 16... hxg6 17. Ng5 Nd4 (17... Bf5 18. Qe1 Bxc2 19.
f4 $11) 18. Be3 18... Bc6 $11 (18... Rad8 19. Re1 $11) 19. f3 $15 (19. Qg4
19... Nf5 $11 (19... Nxc2 $4 {das Schlagen des Bauern ist schlecht} 20. Qh4+
Kg8 21. Qh7#)) 19... Ne6 (19... Nf5 20. Qe1 $15) 20. Qe1 $17 (20. Qxd5 Bxd5 21.
c4 Nxg5 22. cxd5 22... Nh7 $15) 20... Nxg5 21. Bxg5 {
Dort fuehlt sich der weisse Laeufer wohl} 21... Qc5+ 22. Kh1 $17 (22. Rf2 $5
$15) 22... Qxc2 23. Qh4+ Kg8 24. Rfc1 Qf5 25. Be3 $2 (25. Re1 $19 $142) 25...
Bxf3 26. Rxc7 26... Bxg2+ $1 {nicht am Material kleben ist die Devise} 27. Kxg2
Qf3+ 28. Kh2 Qxe3 29. Rg1 (29. Qc4+ d5 30. Qxd5+ 30... Kh8 $19) 29... Rf4 30.
Qe7 (30. Qg3 {die letzte Gegenchance} 30... Rf2+ 31. Rg2 Rxg2+ 32. Kxg2 $19)
30... Rf2+ 31. Rg2 Qf4+ 32. Kh1 Rf1+ 33. Rg1 Qf3+ 34. Kh2 Rf2+ (34... Rf2+ 35.
Rg2 $5 35... Qxg2#) 0-1

[Event "ICS rated blitz match"]
[Site "207.99.83.227"]
[Date "1999.04.01"]
[Round "?"]
[White "Hossa"]
[Black "lkd"]
[Result "1/2-1/2"]
[WhiteElo "2407"]
[BlackElo "2163"]
[Annotator "Fritz 5.32 (15s)"]
[PlyCount "39"]

1. e4 c5 2. Bc4 Nc6 3. Nf3 d6 4. O-O (4. h3 Nf6 5. Nc3 e6 6. d3 a6 7. O-O Be7
8. Be3 d5 9. e5 Nd7 10. Ne2 dxc4 11. d4 cxd4 12. Nexd4 Ndxe5 13. Nxe5 Nxe5 14.
c3 O-O 15. Qh5 Bf6 16. f4 g6 17. Qe2 Nd3 18. Nf3 18... b5 {
Ludwig,I-Erturan,B/EuYouth U16 Girls, Tallinn EST 1997/0-1 (40)}) 4... e5 $146
(4... Nf6 5. Qe2 (5. d3 Bg4 6. h3 Bh5 7. Nc3 e6 8. Bg5 Be7 9. Nb5 a6 10. Na3 d5
11. Bb3 dxe4 12. dxe4 Nxe4 13. Bxe7 Qxe7 14. Qd3 Bxf3 15. Nc4 Rd8 16. Qxf3 Ng5
17. Qe3 h6 18. c3 O-O 19. Rad1 19... Nh7 {
Monteiro,S-Cmilyte,V/EU-chJW U12 Herculane 1994/0-1 (57)}) (5. Ng5 e6 6. Re1
Ne5 7. Bb5+ Ned7 8. Bc4 a6 9. Nc3 b5 10. Be2 Qb6 11. Bd3 Bb7 12. Rb1 Rc8 13. b3
Ne5 14. f4 c4+ 15. Re3 Neg4 16. a4 Nxe3 17. dxe3 cxd3 18. Qxd3 h6 19. Nf3 b4
20. e5 Rxc3 21. a5 Qc5 22. Qe2 Nd5 23. Qd2 Nxe3 24. Qf2 Bxf3 25. gxf3 d5 26.
Bd2 Rxc2 27. Qxe3 Rxd2 28. Rc1 28... Qxc1+ {
0-1 Roth II,R-Frueh,C/IECG, Cat-B (m/1232/02) 1995 (28)}) 5... e6 6. c3 Nxe4 7.
Bxe6 Bxe6 8. Qxe4 Be7 9. d4 d5 10. Qe3 b6 11. Nbd2 O-O 12. Re1 cxd4 13. Nxd4
Nxd4 14. Qxd4 Bf6 15. Qf4 Rc8 16. Rd1 Re8 17. Nf3 Rc4 18. Nd4 Bxd4 19. Rxd4 {
Nikolic,S-Cappello,R/Reggio Emilia 1978/ - (62)}) 5. d4 $15 (5. d3 $5 $11 $142
{ist eine gute Alternative}) 5... cxd4 {Schwarz engt den Gegner ein} 6. Ng5 (6.
c3 6... Bg4 $15) 6... Nh6 7. c3 {Staerkt b4} 7... Be7 8. Nf3 Bg4 9. Bxh6 9...
gxh6 {Ueberdeckt g5} 10. Qb3 10... Bxf3 $11 (10... O-O $5 $15 {ist zu beachten}
) 11. Bxf7+ Kf8 12. gxf3 Rb8 13. Bd5 {Der Laeufer hat sein Ziel erreicht} 13...
Bg5 14. Na3 $17 (14. Rd1 14... Bf4 $15) 14... Bf4 {Droht Matt: Qg5} 15. h3 Qg5+
16. Kh1 16... Qh4 {Mit der Mattdrohung Qxh3} 17. Kg2 17... Qg5+ $11 (17... dxc3
$5 {muss unbedingt geprueft werden} 18. bxc3 Qg5+ 19. Kh1 19... Qh5 $15) 18.
Kh1 18... Qh4 $11 (18... Qh5 19. Kg2 Re8 20. Qxb7 20... Ne7 $19) 19. Kg2 19...
Qg5+ $11 (19... dxc3 $5 {ist zu ueberlegen} 20. bxc3 Qg5+ 21. Kh1 21... Qh5 $15
) 20. Kh1 1/2-1/2

[Event "ICS rated blitz match"]
[Site "207.99.83.227"]
[Date "1999.04.01"]
[Round "?"]
[White "ediz"]
[Black "Hossa"]
[Result "0-1"]
[WhiteElo "2141"]
[BlackElo "2377"]
[Annotator "Fritz 5.32 (15s)"]
[PlyCount "64"]

1. d4 Nf6 2. Nf3 e6 3. g3 Be7 4. Bg2 O-O (4... Nc6 5. O-O d5 6. c4 O-O 7. Nc3
b6 8. b3 Bb7 9. Bb2 Na5 10. cxd5 Nxd5 11. Nxd5 Bxd5 12. Rc1 c5 13. dxc5 Bxc5
14. Rc2 Be4 15. Rd2 Qb8 16. Qa1 f6 17. Rfd1 Bd5 18. Rxd5 exd5 19. Ng5 {
Gasparian,N-Pallag,S/WchJW-U12 Szeged 1994/1-0 (46)}) 5. O-O d5 6. c3 $146 {
Befestigt b4} (6. b3 Nbd7 7. Bb2 Ne4 8. c4 b6 9. Nbd2 Ndf6 10. Ne5 Bb7 11. Rc1
c5 12. cxd5 exd5 13. Ndf3 Rc8 14. a3 b5 15. dxc5 Bxc5 16. b4 Bb6 17. Nd4 Nd6
18. Rxc8 Qxc8 19. Qa1 Nfe4 20. Nd3 f6 21. Nf4 Nc4 22. Bh3 Qe8 23. Nde6 Nxf2 24.
Rxf2 Bxf2+ 25. Kxf2 g5 26. Bd4 gxf4 27. gxf4 Kf7 28. Bg4 Rg8 29. Bh5+ Rg6 30.
f5 Bc8 31. Qg1 Bxe6 32. fxg6+ Ke7 33. gxh7 Qh8 34. Qg6 {
1-0 Bloecker,D-Kaluza,J/NRW 1989 (34)}) 6... b6 7. Bg5 Nbd7 8. Bxf6 Nxf6 9. Ne5
Bb7 10. Nd2 Nd7 11. Nxd7 Qxd7 12. e4 (12. e3 12... c5 $11) 12... Rad8 13. exd5
Bxd5 14. Bxd5 Qxd5 15. Qf3 $17 (15. Qg4 $5 $15 {muss geprueft werden}) 15...
Qg5 $11 (15... c5 $5 $17 $142) 16. Rad1 Qb5 17. Nb3 $15 (17. b3 17... Qa6 $11)
17... a5 18. Rd2 a4 19. Nc1 Qg5 (19... c5 20. Qe2 Qxe2 21. Nxe2 $15) 20. Re2 a3
(20... c5 21. dxc5 Qxc5 22. Rfe1 $15) 21. b3 $15 (21. bxa3 c5 22. Nb3 cxd4 23.
cxd4 23... Bxa3 $11) 21... c5 22. dxc5 Bxc5 23. Nd3 23... Bd6 $11 (23... Qd5
24. Qxd5 Rxd5 25. Nxc5 Rxc5 26. c4 $11) 24. Re4 $15 (24. Rd1 24... Be7 $11)
24... Qd2 25. Nc1 Bc5 26. Rg4 $17 (26. c4 26... Bd4 $11) 26... Be7 $15 (26...
f5 27. Ra4 Qc2 28. Qe2 Qxe2 29. Nxe2 $15) 27. c4 $2 $19 (27. Re4 $15 $142 {
ist noch spielbar}) 27... f5 28. Rh4 (28. Rf4 g5 29. Qb7 Rd7 (29... gxf4 $6 30.
Qxe7 Qd6 31. Qh4 $19) 30. Qxb6 gxf4 31. Qxe6+ 31... Rf7 $19) 28... Bxh4 29.
gxh4 e5 30. Qc6 (30. Qg3 30... e4 $19) 30... Rf6 {Droht Matt} 31. Qc7 (31. Qf3
$19 {bot noch bessere Widerstandsmoeglichkeiten}) 31... Rg6+ 32. Kh1 32... Qd1
{Es droht Matt} (32... Qd1 33. Qxd8+ 33... Qxd8 $19) 0-1

[Event "ICS rated blitz match"]
[Site "207.99.83.227"]
[Date "1999.04.01"]
[Round "?"]
[White "Hossa"]
[Black "ediz"]
[Result "1/2-1/2"]
[WhiteElo "2384"]
[BlackElo "2134"]
[Annotator "Fritz 5.32 (15s)"]
[PlyCount "63"]

1. e4 e6 2. d4 d5 3. Nd2 dxe4 4. Nxe4 Nd7 5. Nf3 Ngf6 6. Nxf6+ Nxf6 7. Bg5 Be7
8. Bc4 O-O (8... c5 9. Qe2 (9. Qd2 cxd4 10. O-O-O Bd7 11. Nxd4 Ne4 12. Bxe7
Nxd2 13. Bxd8 Nxc4 14. Bh4 e5 15. Rhe1 f6 16. b3 Nd6 17. Nf3 Nf7 18. Nd2 O-O-O
19. f3 Nd6 20. Bf2 b6 21. Kb2 Kb7 22. c4 Bf5 23. Nf1 23... e4 {
Danny,G-Adam,C/Montreal, CAN U18 1997/1-0 (55)}) 9... cxd4 10. O-O-O Qc7 11.
Rxd4 Bc5 12. Bb5+ Ke7 13. Rc4 Qb6 14. Ba4 Rd8 15. Ne5 Bd6 16. Ng4 Qa5 17. h4
Rb8 18. Bb3 Bd7 19. Qf3 Qf5 20. Qxf5 exf5 21. Nxf6 gxf6 22. Bf4 Be6 23. Bxd6+ {
Van Mil,J-Van Doeland,J/ch-NED sf, Enschede (4) 1995/ - (67)}) 9. O-O 9... h6
$146 (9... Nd5 10. Bd2 (10. Bxe7 Qxe7 11. Qe2 Re8 12. Bxd5 exd5 13. Qxe7 Rxe7
14. Rfe1 Be6 15. Re2 Rae8 16. Rae1 Kf8 17. Ng5 17... Bf5 {
- Paz,J-Jamouda,I/Mendoza (Argentina) 1985 (17)}) 10... b6 11. Qe2 Bb7 12. Rad1
Re8 13. Ne5 Bd6 14. Bb5 Rf8 15. c4 Ne7 16. Bc3 Ng6 17. f4 Qh4 18. g3 Qh3 19.
Bc6 Bxc6 20. Nxc6 a5 21. Qf2 Rfe8 22. a4 Ne7 23. Qf3 Nf5 24. Rfe1 {
Bryson,D-Brennan,R/SCO-chT1 1994/1-0 (76)}) (9... b6 10. Ne5 Bb7 11. Re1 Rc8
12. c3 Ne4 13. Bxe7 Qxe7 14. Bd3 Nf6 15. Qa4 Ra8 16. Ba6 Bxa6 17. Qxa6 c5 18.
Rad1 Nd5 19. dxc5 bxc5 20. c4 Nb6 21. Qb5 Qc7 22. Nd3 a6 23. Qa5 Rfc8 24. b3 {
Vancouver\-Anja,L/Muenster (Germany) 1991/1-0 (59)}) 10. Bxf6 (10. Be3 10...
Qd6 $14) 10... Bxf6 11. c3 b6 12. Qe2 Bb7 13. Rae1 Qd6 14. Ne5 14... Bxe5 $14 (
14... a6 15. Nxf7 Rxf7 16. Bxe6 $11) 15. dxe5 (15. Qxe5 $2 15... Qc6 16. d5
Qxc4 17. dxe6 Rfe8 18. exf7+ 18... Qxf7 $19) 15... Qc6 {Droht Matt} 16. f3 Rad8
17. f4 (17. Rd1 Qc5+ 18. Kh1 18... Bd5 $11) 17... Rd7 (17... Qc5+ 18. Kh1 $11)
18. b4 Rfd8 19. Bb5 Qxc3 20. Bxd7 Rxd7 21. Rd1 Rxd1 22. Qxd1 22... g6 $14 (
22... Qxb4 23. Qd8+ Kh7 24. Qxc7 $11) 23. Qd8+ $11 (23. Qe1 Qd4+ 24. Kh1 24...
Ba6 $14) 23... Kg7 24. Kh1 24... Qe3 $14 (24... Qb2 25. Qf6+ Kg8 26. Rg1 $11)
25. Qxc7 $11 (25. Qd1 25... Bd5 $14) 25... Qe2 {Droht Matt: Qxf1} 26. Rg1 Bxg2+
27. Rxg2 Qf1+ 28. Rg1 Qf3+ 29. Rg2 Qf1+ 30. Rg1 Qf3+ 31. Rg2 Qf1+ 32. Rg1
1/2-1/2

[Event "ICS rated blitz match"]
[Site "207.99.83.227"]
[Date "1999.04.01"]
[Round "?"]
[White "ediz"]
[Black "Hossa"]
[Result "0-1"]
[WhiteElo "2144"]
[BlackElo "2374"]
[Annotator "Fritz 5.32 (15s)"]
[PlyCount "82"]

1. d4 Nf6 2. c4 g6 3. Nc3 Bg7 4. e4 d6 5. f3 O-O 6. Be3 e5 7. d5 Na6 8. Qd2
8... Bd7 $146 (8... Re8 9. a3 Nh5 10. Bd3 Nf4 11. O-O-O Nxd3+ 12. Qxd3 Nc5 13.
Qc2 f5 14. b4 Na6 15. Nge2 Qe7 16. Kb2 Bd7 17. Nc1 h6 18. Nb3 Kh7 19. Qd3 Red8
20. c5 Bc8 21. Qe2 Rf8 22. Rc1 Nb8 23. Nb5 Na6 24. Na5 dxc5 25. bxc5 b6 26. Nc6
Qf7 27. cxb6 axb6 28. Rc3 Bd7 29. Rhc1 Qe8 30. Qc4 Rf6 31. Nba7 Bc8 32. Nxc8
Qxc8 33. Nxe5 b5 34. Qb3 fxe4 35. f4 b4 36. axb4 Nxb4 37. Rxc7 Nd3+ 38. Kb1 Qa6
39. Rxg7+ Kxg7 40. Rc7+ Kh8 41. Bd4 Rb6 42. Nxg6+ Kg8 43. Rg7# {
1-0 Danielian,E-Gusejnova,S/WchJW-U14 Duisburg 1992 (43)}) 9. Bd3 Nb4 10. Bb1
Nh5 11. Nge2 Qh4+ (11... f5 12. Nb5 Na6 13. Nxa7 fxe4 14. Bxe4 $16) 12. Bf2 Qe7
13. a3 Na6 14. Be3 (14. O-O 14... Bh8 $14) 14... Qh4+ 15. g3 {Kontrolliert f4}
15... Qe7 16. Bg5 Bf6 17. Bxf6 (17. Bh6 17... Bg7 $14) 17... Qxf6 $14 (17...
Nxf6 18. O-O $14) 18. O-O g5 19. b4 Rae8 (19... Ng7 20. f4 Bh3 21. Rf2 gxf4 22.
gxf4 $11) 20. Bd3 Kh8 21. Rf2 (21. Qe3 21... Ra8 $14) 21... Qg6 22. c5 {
Nimzowitsch: Bauernketten von der Basis aufrollen} 22... dxc5 23. Bxa6 Qxa6 24.
bxc5 Rg8 25. d6 $15 (25. Nc1 $5 $11) 25... cxd6 26. Qxd6 (26. Nd5 dxc5 27. Nc7
Qc6 28. Nxe8 28... Bxe8 $11) 26... Qc6 $11 (26... Qxd6 $5 27. cxd6 27... Re6
$15) 27. Qxc6 (27. Rd1 Qxd6 28. Rxd6 28... Bc6 $14) 27... Bxc6 {
Der schwarze Laeufer als Blockadefigur} 28. Nd5 Rg6 29. Nec3 Ng7 30. Nb4 Ne6
31. Nxc6 $15 (31. Nd3 31... f6 $15) 31... bxc6 {Deckt b5+d5} 32. Na4 Rb8 33.
Rd1 Rb3 34. Ra2 (34. Nb2 Nxc5 (34... Rxa3 $143 35. Nc4 Rc3 36. Nxe5 $14) 35.
Nc4 35... Re6 $15) 34... Nd4 35. Kg2 35... Rf6 {
Schwarz zwingt den Gegner mit starken Drohungen nieder} (35... Rxf3 $2 {
geht nicht} 36. Rxd4 Rxg3+ 37. Kxg3 exd4 38. Rd2 $18) (35... Nxf3 $6 {
ist klar schwaecher} 36. Rd7 g4 37. Ra1 $19 (37. Rxa7 $2 {wird widerlegt durch}
37... Rh6 38. h4 gxh3+ 39. Kf2 39... Ng5 $19)) 36. f4 (36. Nb2 Rfxf3 (36...
Rbxf3 $6 37. Nc4 Rc3 38. Nxe5 Rxc5 39. Nxf7+ Rxf7 40. Rxd4 $11) 37. Nc4 37...
f6 $17) 36... gxf4 37. Rf2 $2 $19 (37. Nb2 $5 $17 $142) 37... Rg6 38. Nb2 (38.
Rfd2 Rxa3 39. Nb2 39... fxg3 $19) 38... fxg3 39. Rxf7 (39. hxg3 Rbxg3+ 40. Kh2
$19) 39... Rxb2+ 40. Kg1 {Weiss droht, mit Re1 kontern} 40... Rxh2 (40... Ne2+
41. Kf1 gxh2 42. Rd8+ Rg8 43. Rxg8+ Kxg8 44. Kg2 Nf4+ 45. Kh1 Kxf7 46. a4 Nh5
47. a5 Ng3#) 41. Re1 Ne2+ (41... Ne2+ 42. Rxe2 42... Rxe2 $19) 0-1

[Event "ICS rated bullet match"]
[Site "207.99.83.227"]
[Date "1999.04.01"]
[Round "?"]
[White "Hossa"]
[Black "JudgeTurpin"]
[Result "1-0"]
[WhiteElo "2436"]
[BlackElo "2519"]
[Annotator "Fritz 5.32 (15s)"]
[PlyCount "153"]

1. e4 d5 2. exd5 Nf6 3. Bb5+ Nbd7 4. c4 a6 5. Ba4 5... e5 $146 (5... b5 6. cxb5
Nxd5 7. d4 $16) (5... Rb8 6. Nc3 b5 7. cxb5 axb5 8. Bxb5 Bb7 9. Qf3 e6 10.
Bxd7+ Qxd7 11. Nge2 Nxd5 12. O-O Nb4 13. Qg4 Ba6 14. d4 Nc2 15. Rb1 Bd3 16. Bg5
Bb4 17. Rbd1 Bf5 18. Qg3 Bd6 19. Bf4 Bxf4 20. Qxg7 Bxh2+ 21. Kxh2 Rf8 22. d5
Qe7 23. dxe6 Qh4+ 24. Kg1 Bxe6 25. Nd5 Bxd5 26. Rxd5 Qb4 27. Qe5+ Qe7 28. Qg3 {
1-0 Primavera,C-(CHI),C/Duisburg (Germany) 1992 (28)}) 6. dxe6 Qe7 7. Qe2 (7.
Bxd7+ $6 7... Bxd7 8. Ne2 8... Qxe6 $14) 7... Qxe6 8. Qxe6+ fxe6 9. Ne2 (9. Nf3
9... Bd6 $16) 9... Kf7 10. d4 Nb6 (10... e5 $5 $16) 11. Bb3 Bb4+ 12. Bd2 Bxd2+
(12... Be7 13. Nbc3 $16) 13. Nxd2 ({Schlechter scheint} 13. Kxd2 13... c5 14.
Rd1 cxd4 15. Nxd4 15... Rd8 $16) 13... Bd7 (13... Nbd7 14. Nf3 $18) 14. Nf3 Ke7
15. Ne5 Rad8 16. O-O g5 (16... Be8 17. Rfe1 $16) 17. a4 $16 (17. f4 17... Rhg8
$18) 17... a5 $18 (17... Be8 18. Bc2 $16) 18. Nc3 Rhe8 (18... Be8 19. Rad1 $16)
19. f4 ({Und nicht} 19. Nxd7 19... Rxd7 20. c5 20... Nbd5 $16) 19... gxf4 20.
Rxf4 Bc8 (20... Rf8 21. Re1 Be8 22. d5 $18) 21. Nb5 (21. c5 Nbd5 22. Nxd5+
22... exd5 $18) 21... c6 (21... c5 22. dxc5 Nbd7 23. Raf1 $18) 22. Nc7 Rf8 23.
Raf1 (23. Re1 Nh5 24. Rh4 24... Nf6 $18) 23... Nbd7 24. Re1 Nxe5 25. Rxe5 Bd7 (
25... h5 26. c5 Ng4 27. Rxf8 Nxe5 28. Rxd8 Kxd8 29. dxe5 Kxc7 30. h4 $18) 26.
c5 (26. Rxa5 $6 {waere weniger gut} 26... Rc8 27. Nb5 cxb5 28. axb5 e5 29. dxe5
29... Ng4 $11) 26... Nd5 27. Nxd5+ ({Schlechter ist} 27. Bxd5 27... Rxf4 28.
Bb3 Rxd4 29. Nxe6 Bxe6 30. Rxe6+ 30... Kd7 $15) 27... cxd5 28. Rh4 Kf6 (28...
b6 29. cxb6 Rb8 30. Bxd5 Rxb6 31. b3 $18) 29. Rxh7 {
Vom Freibauern g2 wird noch die Rede sein} 29... Rh8 30. Reh5 Rxh7 31. Rxh7 Bc8
32. Rh3 (32. Kf2 {waere im Gewinnsinne praeziser} 32... e5 33. Ke3 Kg6 34. Bc2+
Kf6 35. Rh6+ Kg7 36. Rg6+ Kf7 37. dxe5 d4+ 38. Kd2 38... Rh8 $18) 32... e5 33.
Rf3+ Ke7 34. dxe5 Ke6 35. Re3 Rg8 36. Rh3 (36. h4 {ist genauer} 36... Bd7 $18)
36... Rg5 37. Rh8 Bd7 38. Rh6+ Kxe5 39. Bxd5 Kxd5 40. Rd6+ Kxc5 41. Rxd7 Kc6 (
41... Rg4 42. b3 b5 43. axb5 $18) 42. Rd8 Rg4 43. b3 Rb4 (43... Rf4 44. Rd3 Kc5
45. g3 $18) 44. Rd3 Rf4 (44... b5 45. axb5+ Kxb5 46. Kf2 $18) 45. g3 Rf5 46. h3
b6 47. Kg2 Kc5 (47... b5 {kann das Vorangegangene nicht ungeschehen machen} 48.
g4 Rf4 49. Kg3 $18) 48. g4 {Es droht Matt} 48... Rf4 49. g5 Kc6 (49... Re4 {
aendert nichts am Ausgang der Partie} 50. Kf3 Re1 51. h4 $18) 50. Rf3 (50. g6
$5 $142 {erleichterte Weiss die Gewinnfuehrung} 50... Rf8 51. h4 51... Rg8 $18)
50... Rd4 51. Rf6+ Kc5 (51... Kd5 {aendert nichts mehr} 52. g6 Rd2+ 53. Kf3 $18
) 52. g6 Rd8 53. Rf5+ (53. h4 $5 $142 {
damit wuerde Weiss es sich noch erleichtern} 53... Rh8 54. Kg3 54... Kd5 $18)
53... Kd4 (53... Kd6 {waere gleichermassen fruchtlos} 54. Rb5 $18) 54. h4 Ke4
55. Rf6 Rb8 56. Rd6 (56. g7 $142 {entschiede die Partie sofort} 56... Rg8 57.
Rg6 57... Kf5 $18) 56... Ke5 57. Rc6 Kd5 58. Rc1 (58. Rc7 {
laesst dem Gegner kaum Chancen} 58... Ke6 $18) 58... Rf8 (58... Ke5 {
nuetzt auch nichts mehr} 59. Rf1 Rh8 60. Kh3 $18) 59. Rd1+ (59. h5 {
und Weiss haette es noch leichter} 59... Rg8 $18) 59... Ke5 60. Re1+ Kd6 61.
Kh3 Kd5 (61... Rf3+ {aendert den traurigen Lauf der Dinge nicht} 62. Kg4 Rf2
63. Kg5 $18) 62. Re3 Rh8 (62... Kd4 63. Rg3 Rh8 64. g7 $18) 63. g7 {
Mit der Mattdrohung gxh8Q} 63... Rg8 64. Rg3 Ke5 65. h5 Rxg7 66. Rxg7 Kf5 67.
Rg6 b5 68. Ra6 (68. axb5 a4 69. bxa4 Ke5 70. b6 Kd5 71. b7 Ke4 72. b8=Q Kd4 73.
Qf4+ Kd3 74. Rg3+ Ke2 75. Qf3+ Ke1 76. Qd3 Kf2 77. Rf3+ Kg1 78. Rf1#) 68... b4
69. Rxa5+ Ke6 70. Rb5 Ke7 71. Rxb4 Ke8 (71... Ke6 {hilft allerdings auch nicht}
72. h6 Kf6 73. h7 Kg7 74. Rh4 Kf6 75. h8=Q+ Kf5 76. Rh5+ Ke6 77. Qe8+ Kf6 78.
Kg4 Kg7 79. Rg5+ Kf6 80. Rg6#) 72. h6 (72. Rb7 Kf8 73. a5 Ke8 74. a6 Kd8 75. a7
Ke8 76. a8=Q#) 72... Kf8 (72... Ke7 {holt die Kuh nicht vom Eis} 73. h7 Kd7 74.
h8=Q Kc7 75. Qb8+ Kd7 76. Rb6 Ke7 77. Qc7+ Ke8 78. Rb8#) 73. Rb7 Kg8 74. a5 Kh8
75. a6 Kg8 76. a7 Kf8 77. a8=Q# 1-0